Court of Appeal Civil Appeal No.52 of 1999. Elario Ongeng Okwirvs Transocean (U) Ltd (Record no. 3831)

MARC details
000 -LEADER
fixed length control field 00515nam a22001217a 4500
008 - FIXED-LENGTH DATA ELEMENTS--GENERAL INFORMATION
fixed length control field 110624t xxu||||| |||| 00| 0 eng d
010 ## - LIBRARY OF CONGRESS CONTROL NUMBER
LC control number CACA F-56
245 ## - TITLE STATEMENT
Title Court of Appeal Civil Appeal No.52 of 1999. Elario Ongeng Okwirvs Transocean (U) Ltd
260 ## - PUBLICATION, DISTRIBUTION, ETC. (IMPRINT)
Date of publication, distribution, etc 1999
500 ## - GENERAL NOTE
General note Coram: L.E.M.Mukasa-Kikonyogo, DCJ. ; C.M.Kato,, JA. , C.N.B. Kitumba, JA
500 ## - GENERAL NOTE
General note Arising from High Court Civil Suit No. 759 of 1996
Holdings
Withdrawn status Lost status Source of classification or shelving scheme Damaged status Koha normalized classification for sorting Not for loan Location (home branch) Sublocation or collection (holding branch) Shelving location Date acquired Koha issues (times borrowed) Koha full call number Piece designation (barcode) Koha date last seen Price effective from Koha item type
    Dewey Decimal Classification   CACA_F56   Law Development Centre Main Library Law Development Centre Main Library Law Reports 06/24/2011   CACA F-56 52/1999/1 06/24/2011 06/24/2011 Un Reported Cases